02466nam a2200529Ia 45000010005000000080041000050100009000460410014000550820024000692450043000932600018001363000008001545200007001626300025001696300020001946300013002146500051002276900014002787000028002927000036003209010045003569020006004019030036004079040018004439050025004619060006004869070014004929080014005069090051005209100015005719110010005869120014005969130009006109140026006199150019006459160009006649170009006739180014006829190024006965201157007209210007018779220007018849230006018919240014018979420010019119990015019212121241029s9999 xx 000 0 und d a1985 aEspañol aMA-ES 0003 FH 1987. 0aEl movimiento renovador universitario. aSanto Domingo a127 a19 aContexto Histórico aContexto Social aHistoria aEjes Transversales (Contexto Social y Natural) aElaborado easesoraMoquete, Jacobo eautoraGuzmán, Aridio Antonio a{"1":"Guzmán"}b{"1":"Aridio Antonio"} a1 a{"1":"Moquete"}b{"1":"Jacobo"} aMaestría en aEducación Superior a2 aNO APLICA aNO APLICA aUniversidad Autónoma de Santo Domingo (UASD) aNULLbNULL a["1"] aNO APLICA aNULL a02 de Febrero de 1987 a09/12/19 12:12 aNULL aNULL aNO APLICA a["302","300","232"] aEl objetivo general de este estudio fue demostrar la relevancia histórica de la UASD en los contextos mundial, americano y nacional (dominicano).Este estudio utilizó un método narcisista. Como técnicas: la investigación bibliográfica, documental y la entrevista.Podemos concluir que la UASD tiene una relevancia histórica de gran magnitud, estando enteramente relacionada con la Universidad Europea, al ser fundada mediante la BULA PAPAL, en el momento que la iglesia católica imponía la religión cristiana en muchos pueblos del mundo y, de manera especial, en aquellos pueblos conquistados por imperios que habían acuñado esa religión. De manera que, ha sido la UASD la Universidad Primada de todo el continente Americano.Se recomienda, que se hagan más sistemáticos los vínculos entre la UASD y los diferentes sectores populares, tanto en el aspecto docente como en la extensión Universitaria, a través de cursos, talleres, asesorías a organizaciones populares, femeninas y culturales etc. Para lo cual proponemos crear una comisión permanente integrada por representantes de estas organizaciones y de la UASD. a16 a16 a0 aNO APLICA cTesis c1985d1985